X-RAY EQUIPMENT FOR STUDENT RADIOGRAPHERS (Record no. 19760)

MARC details
000 -LEADER
fixed length control field 00452nam a22001697a 4500
003 - CONTROL NUMBER IDENTIFIER
control field OSt
005 - DATE AND TIME OF LATEST TRANSACTION
control field 20211123120505.0
008 - FIXED-LENGTH DATA ELEMENTS--GENERAL INFORMATION
fixed length control field 211123b |||||||| |||| 00| 0 eng d
020 ## - INTERNATIONAL STANDARD BOOK NUMBER
International Standard Book Number 81-239-1031-2
040 ## - CATALOGING SOURCE
Original cataloging agency DDC
Transcribing agency HU
082 ## - DEWEY DECIMAL CLASSIFICATION NUMBER
Edition number 3RD
Classification number 616.0757
Item number 7
100 ## - MAIN ENTRY--PERSONAL NAME
Personal name D.NOREEN CHESNEY
9 (RLIN) 20108
245 ## - TITLE STATEMENT
Title X-RAY EQUIPMENT FOR STUDENT RADIOGRAPHERS
250 ## - EDITION STATEMENT
Edition statement 3RD
260 ## - PUBLICATION, DISTRIBUTION, ETC.
Place of publication, distribution, etc. NEW DELH
Name of publisher, distributor, etc. CBS PUBLISHERS AND DISTRIBUTORS
Date of publication, distribution, etc. 1987
942 ## - ADDED ENTRY ELEMENTS (KOHA)
Source of classification or shelving scheme Dewey Decimal Classification
Koha item type Books like text book referance book
Suppress in OPAC No
Holdings
Withdrawn status Lost status Source of classification or shelving scheme Damaged status Not for loan Home library Current library Date acquired Total Checkouts Full call number Barcode Date last seen Copy number Price effective from Koha item type
    Dewey Decimal Classification     College of Medicine and Health’s Sciences Library College of Medicine and Health’s Sciences Library 11/23/2021   616.0757-CHE-1987 CMHSL00006210 11/23/2021 1 11/23/2021 Books like text book referance book
    Dewey Decimal Classification     College of Medicine and Health’s Sciences Library College of Medicine and Health’s Sciences Library 11/23/2021   616.0757-CHE-1987 CMHSL00006211 11/23/2021 2 11/23/2021 Books like text book referance book
    Dewey Decimal Classification     College of Medicine and Health’s Sciences Library College of Medicine and Health’s Sciences Library 11/23/2021   616.0757-CHE-1987 CMHSL00006212 11/23/2021 3 11/23/2021 Books like text book referance book
    Dewey Decimal Classification     College of Medicine and Health’s Sciences Library College of Medicine and Health’s Sciences Library 11/23/2021   616.0757-CHE-1987 CMHSL00006213 11/23/2021 4 11/23/2021 Books like text book referance book
    Dewey Decimal Classification     College of Medicine and Health’s Sciences Library College of Medicine and Health’s Sciences Library 11/23/2021   616.0757-CHE-1987 CMHSL00006214 11/23/2021 5 11/23/2021 Books like text book referance book
    Dewey Decimal Classification     College of Medicine and Health’s Sciences Library College of Medicine and Health’s Sciences Library 11/23/2021   616.0757-CHE-1987 CMHSL00006215 11/23/2021 6 11/23/2021 Books like text book referance book
    Dewey Decimal Classification     College of Medicine and Health’s Sciences Library College of Medicine and Health’s Sciences Library 11/23/2021   616.0757-CHE-1987 CMHSL00006216 11/23/2021 7 11/23/2021 Books like text book referance book